Just In Time: (Record no. 211672)

MARC details
000 -LEADER
fixed length control field 00603nam a22002057a 4500
005 - DATE AND TIME OF LATEST TRANSACTION
control field 20250609144522.0
010 ## - LCCN (DPL NO)
LC control number ENG-145233
020 ## - INTERNATIONAL STANDARD BOOK NUMBER
International Standard Book Number 9788180521393
Terms of availability 595.00
020 ## - INTERNATIONAL STANDARD BOOK NUMBER
International Standard Book Number 8180521397
035 ## - SYSTEM CONTROL NUMBER
System control number EN-128765
037 ## - SOURCE OF ACQUISITION
Source of stock number/acquisition DBAD
082 ## - DEWEY DECIMAL CLASSIFICATION NUMBER
Classification number 658.733
Edition number 1
100 ## - MAIN ENTRY--PERSONAL NAME
Personal name D.K. Singh
245 ## - TITLE STATEMENT
Title Just In Time:
Medium Concept And Practices/
Statement of responsibility, etc D.K. Singh
250 ## - EDITION STATEMENT
Edition statement 1
260 ## - PUBLICATION, DISTRIBUTION, ETC. (IMPRINT)
Place of publication, distribution, etc New Delhi
Name of publisher, distributor, etc Ane Books
Date of publication, distribution, etc 2009
270 ## - ADDRESS
Address 4821, Parwana Bhawan, 1st Floor, 24 Ansari Road, Daryaganj
City New Delhi
Postal code 110002
300 ## - PHYSICAL DESCRIPTION
Extent xii,150p.
Dimensions 22cm(Hb)
942 ## - ADDED ENTRY ELEMENTS (KOHA)
Source of classification or shelving scheme Dewey Decimal Classification
Item type English Books
Call number suffix DKS
Classification part 658.733
Holdings
Withdrawn status Lost status Not for loan Collection code Home library Current library Date acquired Source of acquisition Cost, normal purchase price Full call number Barcode Copy number Cost, replacement price Koha item type
      Non-fiction RC3 Shakur Pur RC3 Shakur Pur 09/06/2025 Delivery of Books Act Division 595.00 DKS 658.733 EN-128765 1 595.00 English Books

© Delhi Public Library
Hit Counter
free hit counter